The noble scholar, jurist, historian


 His Excellency Dr. Abdul Wahhab bin Ibrahim Abu Sulaiman, may Allah have mercy on him.


 He was born in Umm Al-Qura in the year 1356 AH.

مقال في بلاد البنغال / (Record no. 5729)

MARC details
000 -LEADER
fixed length control field 01896cam a2200277 i 4500
003 - CONTROL NUMBER IDENTIFIER
control field SA-RiAUC
005 - DATE AND TIME OF LATEST TRANSACTION
control field 20250208070718.0
008 - FIXED-LENGTH DATA ELEMENTS--GENERAL INFORMATION
fixed length control field 250202s1993 su a g 000 0dara c
040 ## - CATALOGING SOURCE
Original cataloging agency JO-AmJU
Language of cataloging ara
Transcribing agency SA-RiAUC
Modifying agency KAC
Description conventions rda
082 04 - DEWEY DECIMAL CLASSIFICATION NUMBER
Classification number 915.4
Assigning agency SA-RiAUC
090 ## - LOCALLY ASSIGNED LC-TYPE CALL NUMBER (OCLC); LOCAL CALL NUMBER (RLIN)
Classification number (OCLC) (R) ; Classification number, CALL (RLIN) (NR) 915.4
Local cutter number (OCLC) ; Book number/undivided call number, CALL (RLIN) ع ب و
100 1# - MAIN ENTRY--PERSONAL NAME
Personal name العبودي، محمد بن ناصر،
Dates associated with a name 1345-1443 هجري
Relator term مؤلف.
245 10 - TITLE STATEMENT
Title مقال في بلاد البنغال /
Statement of responsibility, etc. محمد بن ناصر العبودي.
250 ## - EDITION STATEMENT
Edition statement الطبعة الأولى.
264 #1 - PRODUCTION, PUBLICATION, DISTRIBUTION, MANUFACTURE, AND COPYRIGHT NOTICE
Place of production, publication, distribution, manufacture الرياض :
Name of producer, publisher, distributor, manufacturer محمد بن ناصر بن عبد الرحمن العبودي،
Date of production, publication, distribution, manufacture, or copyright notice 1993
264 #3 - PRODUCTION, PUBLICATION, DISTRIBUTION, MANUFACTURE, AND COPYRIGHT NOTICE
Place of production, publication, distribution, manufacture [مكان الطبع غير محدد] :
Name of producer, publisher, distributor, manufacturer مطابع الفرزدق التجارية
300 ## - PHYSICAL DESCRIPTION
Extent 111 صفحة :
Other physical details إيضاحيات ؛
Dimensions 23 سم
336 ## - CONTENT TYPE
Content type term نص
Content type code txt
Source rdacontent
Materials specified كتاب
337 ## - MEDIA TYPE
Media type term بدون وسيط
Media type code n
Source rdamedia
338 ## - CARRIER TYPE
Carrier type term مجلد
Carrier type code nc
Source rdacarrier
520 ## - SUMMARY, ETC.
Summary, etc. الكتاب يحكي عن رحلة عاجلة لم تستغرق إلا أياما معدودة، ولذلك لم تكن الكتابة عنها شاملة موسعة تتحدث في أكثر صفحاتها عن بلد مسلم شقيق هو (بنجلاديش)، إضافة إلى المرور بالبنغال الغربي الهندي الذي عاصمته كلكتا، ثم الحديث عن رحلة في بلاد أو حديث عن أحوال بعض العباد، فإنه إذا لم يكن من القول المعاد مما تقبل عليه عامة الناس في المعتاد، وعلى الله الاعتماد، نسأله تعالى أن يسلك بنا طريق الرشاد، إنه كريم جواد.
600 17 - SUBJECT ADDED ENTRY--PERSONAL NAME
Personal name العبودي، محمد بن ناصر،
Dates associated with a name 1345-1443 هجري
General subdivision رحلات
Geographic subdivision بنغلاديش
Source of heading or term aucnm
651 #7 - SUBJECT ADDED ENTRY--GEOGRAPHIC NAME
Geographic name بنغلاديش
General subdivision وصف ورحلات
Source of heading or term aucsh
942 ## - ADDED ENTRY ELEMENTS (KOHA)
Source of classification or shelving scheme Dewey Decimal Classification
Koha item type Books
Suppress in OPAC No
949 ## - LOCAL PROCESSING INFORMATION (OCLC)
a SA-JeALM
d 250202
u mohamedma123
n 1
Holdings
Withdrawn status Lost status Source of classification or shelving scheme Damaged status Not for loan Home library Current library Date acquired Total checkouts Full call number Barcode Date last seen Price effective from Koha item type
    Dewey Decimal Classification     DR AbdElwahab Library DR AbdElwahab Library 02/08/2025   915.4 ع ب و 000009153 02/08/2025 02/08/2025 Books